| 000 | 00743nam a2200205 i 4500 | ||
|---|---|---|---|
| 001 | 96814 | ||
| 003 | ES-MaACL | ||
| 005 | 20250316204106.0 | ||
| 007 | t| | ||
| 008 | 050701s1969 sp ||||1| spa d | ||
| 100 | 0 |
_aMann, Thomas, _d1875-1955 _976055 |
|
| 245 | 1 | 0 |
_aRelato de mi vida / _cThomas Mann ; seguido de "El último año de mi padre", de Erika Mann ; [traducción], cronología y bibliografía de Thomas Mann, de Andrés-Pedro Sánchez Pascual. |
| 260 |
_aMadrid : _bAlianza, _c1969. |
||
| 300 |
_a225 p. ; _c18 cm. |
||
| 700 | 1 |
_aMann, Erika. _976042 |
|
| 700 | 1 |
_aSánchez Pascual, Andrés. _9102833 |
|
| 740 | 3 | _aEl último año de mi padre. | |
| 852 |
_aES-MaACL _jC-35864 _bR.69272 |
||
| 999 |
_c96814 _d96814 |
||